000 00433nam a22001457a 4500
005 20151201105535.0
008 151201b xxu||||| |||| 00| 0 eng d
040 _cPK-LaUMT
082 _aMSC 954.02334
_bNOO-T
100 _aنور الدین محمد جہاں
245 _aتو زک جہاں گیری
_cنور الدین محمد جہاں
260 _aلاہور
_bمجلس ترقی ادب
_c2007
300 _a821 ص
942 _cBK
999 _c79323
_d79323